000 00395 a2200157 4500
001 47361
020 _a9788535711578
040 _cAnchieta - Aquarius
100 _aLadeira, Julieta de Godoy
240 1 0 _a=Aventuras e perigos de um copo dágua
_lpor
245 1 0 _a=Aventuras e perigos de um copo dágua
300 _a52p.
362 0 _a2016
650 4 _aLiteratura brasileira
942 _cBK
999 _c47361
_d47361